Science Quiz

Random Science or Word Play Quiz
Score 0/40 Timer 20:00
3 Plays Today
% Correct
EON
69.3%
ANT
66.5%
FOR
63.5%
COP
63.1%
ARM
61%
MAR
60.2%
LAW
59.8%
DON
59.6%
CAN
58.5%
CON
58.4%
ALL
58.1%
AND
58.1%
OLD
57.9%
TON
57.4%
IT
57.4%
METH
57.3%
END
56%
LAD
56%
RAN
56%
DIN
55.9%
% Correct
LIVE
55.9%
BID
55.5%
FUR
54%
SIN
53.5%
SON
53.5%
TAN
52.3%
LATIN
51.9%
HER
51.8%
AB
51.6%
RID
51.3%
NET
51.2%
ROT
48.4%
STAT
48%
HALL
47.9%
THAN
46.9%
SMUT
44.2%
TACT
43.5%
THEN
43.2%
TAD
42.4%
WREN
38.4%
Remove Ads.
Support Sporcle.
Get the best of Sporcle when you Go Orange. This ad-free experience offers more features, more stats, and more fun while also helping to support Sporcle. Thank you for becoming a member.

You're not logged in!

Compare scores with friends on all Sporcle quizzes.
OR
Log In

Sporcle TV

Today on Sporcle TV


Watch our educational content, quiz creation guides, and fun videos on Sporcle TV.

Show Comments

Extras

Top Quizzes Today


Score Distribution

Paid Content

Your Account Isn't Verified!

In order to create a playlist on Sporcle, you need to verify the email address you used during registration. Go to your Sporcle Settings to finish the process.

Report this User

Report this user for behavior that violates our Community Guidelines.

Details: